Fr. Conceicao Rodrigues College of Engineering

Pneumatics (Record no. 17863)

MARC details
000 -LEADER
fixed length control field 00242nam a2200133Ia 4500
082 ## - DEWEY DECIMAL CLASSIFICATION NUMBER
Classification number 621.5
Item number PAN
100 ## - MAIN ENTRY--PERSONAL NAME
Personal name Festo
245 ## - TITLE STATEMENT
Title Pneumatics
260 ## - PUBLICATION, DISTRIBUTION, ETC.
Name of publisher, distributor, etc. Festo
546 ## - LANGUAGE NOTE
Language note ENGLISH
654 ## - SUBJECT ADDED ENTRY--FACETED TOPICAL TERMS
Focus term Pneumatics
942 ## - ADDED ENTRY ELEMENTS (KOHA)
Koha item type BOOK
Holdings
Withdrawn status Lost status Damaged status Not for loan Collection Home library Current library Date acquired Cost, normal purchase price Total Checkouts Full call number Barcode Date last seen Cost, replacement price Price effective from Koha item type
        CRC Fr. Agnel's C.Rodrigues College of Engineering Fr. Agnel's C.Rodrigues College of Engineering 17/03/2023 230.74   621.5 PAN 5722 17/03/2023 230.74 17/03/2023 BOOK
        CRC Fr. Agnel's C.Rodrigues College of Engineering Fr. Agnel's C.Rodrigues College of Engineering 17/03/2023 230.74   621.5 PAN 5723 17/03/2023 230.74 17/03/2023 BOOK